00720nam a2200205Ia 4500999001500000020001800015082001700033245005900050260005800109300001000167504001900177650004300196650002900239650004300268650002600311650002900337700002300366942000700389952011800396 c2423d2423 a981-3016-61-2 a327.095 CHI; 0aChina, India, Japan and the security of Southeast Asia aSingaporebInstitute of Southeast Asian Studiesc1993 a283p. aIncludes index aNational security - Asia, Southeastern aNational security - Asia aAsia, Southeastern - Foreign relations aSecurity (Law) - Asia aAsia - Foreign relations aJeshurun, Chandran cBK 00104070aNASSDOCbNASSDOCd2004-06-08i2004-10-05l0o327.095 CHI;p37362r2019-04-18 00:00:00w2019-04-18yBK